|
|
|
|
| LEADER |
05986nam a22004817a 4500 |
| 001 |
43156 |
| 003 |
BD-DhAAL |
| 008 |
240922t2022 ii a|||| b||| 001 0 eng d |
| 020 |
|
|
|a 9789354663444
|
| 040 |
|
|
|a BD-DhAAL
|c BD-DhAAL
|
| 082 |
|
|
|a 612
|2 23
|
| 245 |
|
|
|a CC Chatterjee's human physiology.
|n Volume 1 /
|c edited by Nitin Ashok John.
|
| 250 |
|
|
|a Fourteenth edition.
|
| 264 |
|
|
|a New Delhi :
|b CBS Publishers,
|c 2022.
|
| 300 |
|
|
|a xx, 519 pages :
|b color illustrations ;
|c 28 cm.
|
| 362 |
|
|
|a Vol. 1
|
| 500 |
|
|
|a As per the latest CBME guidelines, competency based undergraduate curriculum for the Indian medical graduate
|
| 504 |
|
|
|a Includes bibliographical references and index.
|
| 526 |
|
|
|a PHR
|x Dr. Hasina Yasmin,
Assistant Dean and Program Director
Course name : Physiology & Anatomy I and II (PHR 103 and PHR 201)
|
| 541 |
|
|
|a Book Finder International
|e 43156, 43157, 43158, 43159, 43315, 43316, 43317, 43318, 43319, 43320, 43321, 43322, 43323, 43324, 43949
|
| 600 |
|
|
|a Chatterjee, Chandi Charan.
|9 1679
|
| 650 |
|
|
|a Human physiology.
|
| 650 |
|
|
|a Physiology.
|
| 650 |
|
|
|a Pharmacy.
|
| 710 |
|
|
|a John, Nitin Ashok.
|9 56882
|
| 852 |
|
|
|a Ayesha Abed Library
|c General Stacks
|
| 942 |
|
|
|c BK
|2 ddc
|
| 999 |
|
|
|c 46883
|d 46883
|
| 952 |
|
|
|0 0
|1 0
|2 ddc
|4 0
|6 612_000000000000000_CCC
|7 0
|9 76298
|a BRACUL
|b BRACUL
|c GEN
|d 2024-09-12
|e Book Finder International
|g 1207.00
|l 2
|o 612 CCC
|p 3010043319
|r 2025-03-03
|s 2025-02-24
|t 9
|v 1207.00
|w 2024-09-12
|y BK
|x Requisitioned by Dr. Hasina Yasmin for the course named- "Physiology & Anatomy I and II (PHR 103 and PHR 201)".
|
| 952 |
|
|
|0 0
|1 0
|2 ddc
|4 0
|6 612_000000000000000_CCC
|7 0
|9 76299
|a BRACUL
|b BRACUL
|c GEN
|d 2024-09-12
|e Book Finder International
|g 1207.00
|l 3
|m 3
|o 612 CCC
|p 3010043321
|r 2025-08-04
|s 2025-07-10
|t 11
|v 1207.00
|w 2024-09-12
|y BK
|x Requisitioned by Dr. Hasina Yasmin for the course named- "Physiology & Anatomy I and II (PHR 103 and PHR 201)".
|
| 952 |
|
|
|0 0
|1 0
|2 ddc
|4 0
|6 612_000000000000000_CCC
|7 0
|9 76300
|a BRACUL
|b BRACUL
|c GEN
|d 2024-09-12
|e Book Finder International
|g 1207.00
|l 1
|m 3
|o 612 CCC
|p 3010043320
|r 2025-07-10
|s 2025-06-29
|t 10
|v 1207.00
|w 2024-09-12
|y BK
|x Requisitioned by Dr. Hasina Yasmin for the course named- "Physiology & Anatomy I and II (PHR 103 and PHR 201)".
|
| 952 |
|
|
|0 0
|1 0
|2 ddc
|4 0
|6 612_000000000000000_CCC
|7 0
|9 76301
|a BRACUL
|b BRACUL
|c GEN
|d 2024-09-12
|e Book Finder International
|g 1207.00
|l 3
|m 1
|o 612 CCC
|p 3010043317
|r 2026-02-23
|s 2026-02-05
|t 7
|v 1207.00
|w 2024-09-12
|y BK
|x Requisitioned by Dr. Hasina Yasmin for the course named- "Physiology & Anatomy I and II (PHR 103 and PHR 201)".
|
| 952 |
|
|
|0 0
|1 0
|2 ddc
|4 0
|6 612_000000000000000_CCC
|7 0
|9 76302
|a BRACUL
|b BRACUL
|c GEN
|d 2024-09-12
|e Book Finder International
|g 1207.00
|l 2
|m 16
|o 612 CCC
|p 3010043316
|r 2026-01-28
|s 2025-10-13
|t 6
|v 1207.00
|w 2024-09-12
|y BK
|x Requisitioned by Dr. Hasina Yasmin for the course named- "Physiology & Anatomy I and II (PHR 103 and PHR 201)".
|
| 952 |
|
|
|0 0
|1 0
|2 ddc
|4 0
|6 612_000000000000000_CCC
|7 0
|9 76303
|a BRACUL
|b BRACUL
|c GEN
|d 2024-09-12
|e Book Finder International
|g 1207.00
|l 2
|m 30
|o 612 CCC
|p 3010043315
|r 2025-11-10
|s 2025-11-05
|t 5
|v 1207.00
|w 2024-09-12
|y BK
|x Requisitioned by Dr. Hasina Yasmin for the course named- "Physiology & Anatomy I and II (PHR 103 and PHR 201)".
|
| 952 |
|
|
|0 0
|1 0
|2 ddc
|4 0
|6 612_000000000000000_CCC
|7 0
|9 76304
|a BRACUL
|b BRACUL
|c GEN
|d 2024-09-12
|e Book Finder International
|g 1207.00
|l 2
|m 19
|o 612 CCC
|p 3010043323
|r 2025-09-30
|s 2025-09-22
|t 13
|v 1207.00
|w 2024-09-12
|y BK
|x Requisitioned by Dr. Hasina Yasmin for the course named- "Physiology & Anatomy I and II (PHR 103 and PHR 201)".
|
| 952 |
|
|
|0 0
|1 0
|2 ddc
|4 0
|6 612_000000000000000_CCC
|7 0
|9 76305
|a PHR
|b PHR
|d 2024-09-12
|e Book Finder International
|g 1207.00
|l 0
|o 612 CCC
|p 3010043159
|r 2024-09-12
|t 4
|v 1207.00
|w 2024-09-12
|y BK
|x Requisitioned by Dr. Hasina Yasmin for the course named- "Physiology & Anatomy I and II (PHR 103 and PHR 201)".
|
| 952 |
|
|
|0 0
|1 0
|2 ddc
|4 0
|6 612_000000000000000_CCC
|7 0
|9 76306
|a BRACUL
|b BRACUL
|c GEN
|d 2024-09-12
|e Book Finder International
|g 1207.00
|l 2
|m 12
|o 612 CCC
|p 3010043324
|r 2025-10-19
|s 2025-09-21
|t 14
|v 1207.00
|w 2024-09-12
|y BK
|x Requisitioned by Dr. Hasina Yasmin for the course named- "Physiology & Anatomy I and II (PHR 103 and PHR 201)".
|
| 952 |
|
|
|0 0
|1 0
|2 ddc
|4 0
|6 612_000000000000000_CCC
|7 0
|9 76307
|a BRACUL
|b BRACUL
|c GEN
|d 2024-09-12
|e Book Finder International
|g 1207.00
|l 1
|m 1
|o 612 CCC
|p 3010043322
|r 2024-11-03
|s 2024-10-23
|t 12
|v 1207.00
|w 2024-09-12
|y BK
|x Requisitioned by Dr. Hasina Yasmin for the course named- "Physiology & Anatomy I and II (PHR 103 and PHR 201)".
|
| 952 |
|
|
|0 0
|1 0
|2 ddc
|4 0
|6 612_000000000000000_CCC
|7 0
|9 76498
|a PHR
|b PHR
|d 2024-09-17
|e Book Finder International
|g 1207.00
|l 0
|o 612 CCC
|p 3010043158
|r 2024-09-17
|t 3
|v 1207.00
|w 2024-09-17
|y BK
|x Requisitioned by Dr. Hasina Yasmin for the course named- "Physiology & Anatomy I and II (PHR 103 and PHR 201)".
|
| 952 |
|
|
|0 0
|1 0
|2 ddc
|4 0
|6 612_000000000000000_CCC
|7 0
|9 76499
|a PHR
|b PHR
|d 2024-09-17
|e Book Finder International
|g 1207.00
|l 0
|o 612 CCC
|p 3010043156
|r 2024-09-17
|t 1
|v 1207.00
|w 2024-09-17
|y BK
|x Requisitioned by Dr. Hasina Yasmin for the course named- "Physiology & Anatomy I and II (PHR 103 and PHR 201)".
|
| 952 |
|
|
|0 0
|1 0
|2 ddc
|4 0
|6 612_000000000000000_CCC
|7 0
|9 76500
|a PHR
|b PHR
|d 2024-09-17
|e Book Finder International
|g 1207.00
|l 0
|o 612 CCC
|p 3010043157
|r 2024-09-17
|t 2
|v 1207.00
|w 2024-09-17
|y BK
|x Requisitioned by Dr. Hasina Yasmin for the course named- "Physiology & Anatomy I and II (PHR 103 and PHR 201)".
|
| 952 |
|
|
|0 0
|1 0
|2 ddc
|4 0
|6 612_000000000000000_CCC
|7 0
|9 76501
|a BRACUL
|b BRACUL
|c GEN
|d 2024-09-17
|e Book Finder International
|g 1207.00
|l 2
|m 10
|o 612 CCC
|p 3010043318
|r 2025-12-09
|s 2025-11-11
|t 8
|v 1207.00
|w 2024-09-17
|y BK
|x Requisitioned by Dr. Hasina Yasmin for the course named- "Physiology & Anatomy I and II (PHR 103 and PHR 201)".
|
| 952 |
|
|
|0 0
|1 0
|2 ddc
|4 0
|6 612_000000000000000_CCC
|7 0
|9 77169
|a PHR
|b PHR
|d 2025-01-12
|e Book Finder International
|g 1207.00
|l 0
|o 612 CCC
|p 3010043949
|r 2025-01-12
|t 15
|v 1207.00
|w 2025-01-12
|y BK
|x Requisitioned by Dr. Hasina Yasmin for the course named- "Physiology & Anatomy I and II (PHR 103 and PHR 201)".
|